000 00448nam a2200181Ia 4500
999 _c11015
_d11015
082 _aRR.0200
100 _aRoy, Ramashray
245 0 _aBeing and order: the vedic vision
260 _c1997
_bICSSR, New Delhi
300 _a231p.
504 _aBibliography at the end.
650 _aONTOLOGY
650 _aORDER - RELIGIOUS ASPECTS
650 _aVEDAS
650 _aBEING//ONTOLOGY
650 _aMYTHOLOGY, VEDIC//VEDAS
942 _cRP
_2ddc